000 00809nam a2200253Ia 4500
003 OSt
005 20220930093939.0
006 a|||||r|||| 00| 0
007 ta
008 220926b |||||||| |||| 00| 0 eng d
024 _a63174
037 _cTheses
040 _aCRL
_cCRL
_beng
041 _2eng
_aeng
100 _aSanjeev Kumar Au.
_9545396
110 _aUniversity of Delhi. Faculty of Arts. Department of Political Science
_9534627
245 0 _aPolitics of conversion movement in post-Ambedkar India
_b study of dekshabhumi
260 _c2018
300 _a205p.
_ap.
_ccm.
700 _a N. Sukumar Gu.
_9553861
700 _aUniversity of Delhi. Faculty of Arts. Department of Political Science
_9534628
942 _cDIS
_2CC
999 _c886296
_d886296